Statističeskaja teorija obnaruženija signalov /

Salvato in:
Dettagli Bibliografici
Autore principale: Helstrom, Carl W (Autore)
Altri autori: Kobzarev, G.Ju (Traduttore)
Natura: Libro
Lingua:russo
Pubblicazione: Moskva : I.I.L, 1963
Tags: Aggiungi Tag
Nessun Tag, puoi essere il primo ad aggiungerne!!

MARC

LEADER 00000nam a22000003a 4500
001 stu36780
005 20150617225726.5
008 920618s1963----xxr-----------------rus-d
040 |a STU  |b slo 
041 0 |a rus 
044 |a xxr 
100 1 |a Helstrom, Carl W  |4 aut 
245 1 |a Statističeskaja teorija obnaruženija signalov /  |c [aut.]Carl W. Helstrom; Z angl. G.Ju. Kobzarev 
260 |a Moskva :  |b I.I.L,  |c 1963 
300 |a 430 s 
700 1 |a Kobzarev, G.Ju  |4 trl 
996 |b 284M062676  |c M*7165-1  |l MMKN  |s A  |a 24  |w stu36780_0001